7 Greek Logos - Statistics

General Stats
  • This quiz has been taken 22 times
  • The average score is 4 of 7
Answers on the Grid
Answers color-coded by a green-red scale on the quiz's grid according to % correct below.
Goodys
Alpha
Audio Visual
Γρηγόρης
ΔΕΗ
Εοπυυ
Ελευθεροτυπία
Ote TV
Nova
Village
3Άλφα
What’s Up
ΑΒ Βασιλόπουλος
You.gr
 
Answer Stats
Answer % Correct
Γρηγόρης
79%
ΔΕΗ
64%
Alpha
64%
Goodys
64%
Ελευθεροτυπία
57%
Audio Visual
50%
Εοπυυ
36%
No matching quizzes found
Score Distribution
Percent of People with Each Score
Percentile by Number Answered
Your Score History
You have not taken this quiz